Paroles : More Than This - One Direction - Statistiques

Statistiques générales
  • Ce quiz a été pris 123 fois
  • Le résultat moyen est 286 sur 351
Statistiques - réponses
Réponse % Correct
this
99%
can
97%
Can
97%
more
97%
than
97%
then
97%
you
97%
You
97%
a
96%
I
96%
do
93%
he
93%
love
93%
me?
93%
me
93%
to
93%
When
91%
when
91%
And
90%
and
90%
'cause
90%
'Cause
90%
just
88%
the
88%
hear
87%
I'm
87%
see
87%
arms
85%
feel
85%
in
85%
In
85%
It
85%
are
84%
close
84%
My
82%
my
82%
tonight
82%
your
82%
don't
81%
right
81%
yeah
81%
Yeah
81%
down
79%
his
79%
we
78%
inside
76%
pray
76%
alone
75%
everything
75%
opens
75%
broken
73%
that
73%
can't
70%
die
70%
on
70%
praying
70%
as
69%
eyes
69%
dancing
67%
lay
67%
say
67%
turn
67%
holds
66%
same
66%
won't
66%
would
66%
Would
66%
blinded
63%
If
63%
rescue
63%
street
63%
will
63%
around
61%
heart
61%
light
61%
But
60%
save
60%
louder
58%
might
58%
up
57%
again
55%
door
55%
it's
55%
body
54%
knees
54%
stay
54%
face
52%
for
52%
look
52%
asking
51%
leave
51%
walk
51%
floor
49%
now
49%
gone
48%
never
48%
weak
48%
words
46%
I've
45%
from
43%
get
43%
little
43%
while
43%
above
42%
had
42%
head
42%
turns
40%
shining
37%
That's
36%
lays
34%
stars
33%
fails
12%
Aucun quiz correspondant
Distribution des résultats
% des personnes avec chaque résultat
Percentile par nombre de réponses
Votre historique - résultats
Vous n’avez pas pris ce quiz